| 000 | 00730nam a2200145 a 4500 | ||
|---|---|---|---|
| 008 | 120416s1984 xx |||||||||||||| || u | ||
| 050 | _aNA 9031 Hed | ||
| 100 | _aHedman, Richard | ||
| 245 | 1 | 0 | _aFundamentals of urban design |
| 260 | _c1984 | ||
| 350 | _a0.00 | ||
| 995 |
_aANNEX COLLECTION (Main Library) _D0.00 _e725595 _FCBU-MAIN LIBRARY (Kitwe) _H3 _I0.00 _jNA 9031 Hed _UAVAILABLE _y010630 _ZAnnex Low-Usage Collection |
||
| 995 |
_aMAIN LIBRARY OPEN ACCESS _D0.00 _e725594 _FCBU-MAIN LIBRARY (Kitwe) _H2 _I0.00 _jNA 9031 Hed _UAVAILABLE _y010633 _ZMain Library Open Access Collection |
||
| 995 |
_aANNEX COLLECTION (Main Library) _D0.00 _e725593 _FCBU-MAIN LIBRARY (Kitwe) _H1 _I0.00 _jNA 9031 Hed _UAVAILABLE _y010631 _ZAnnex Low-Usage Collection |
||
| 999 |
_c63386 _d63386 |
||